Microsoft excel 2010 Bible (Record no. 7832)

MARC details
000 -LEADER
fixed length control field 00305nam a2200121Ia 4500
008 - FIXED-LENGTH DATA ELEMENTS--GENERAL INFORMATION
fixed length control field 191201s2012 xx 000 0 und d
100 ## - MAIN ENTRY--PERSONAL NAME
Personal name WALKENBACH, John
245 #0 - TITLE STATEMENT
Title Microsoft excel 2010 Bible
250 ## - EDITION STATEMENT
Edition statement Rep
260 ## - PUBLICATION, DISTRIBUTION, ETC. (IMPRINT)
Date of publication, distribution, etc 2012
Name of publisher, distributor, etc Wiley Dreautech India
Place of publication, distribution, etc NEW DELHI
300 ## - PHYSICAL DESCRIPTION
Extent 1006
942 ## - ADDED ENTRY ELEMENTS (KOHA)
Source of classification or shelving scheme Dewey Decimal Classification
Koha item type Text Books
942 ## - ADDED ENTRY ELEMENTS (KOHA)
-- 9
Holdings
Withdrawn status Lost status Source of classification or shelving scheme Damaged status Not for loan Collection code Home library Current library Date acquired Source of acquisition Cost, normal purchase price Bill Number Total Checkouts Full call number Acc. no. / Barcode Date last seen Actual Cost, discounted price Bill Date Koha item type Date last borrowed
    Dewey Decimal Classification     BCA PIET C-LIBRARY PIET C-LIBRARY 29/09/2012 IBH, New Delhi 679.00 12628   004 WAM BC365 04/12/2019 443.13 29/09/2012 Text Books  
    Dewey Decimal Classification     BCA PIET C-LIBRARY PIET C-LIBRARY 29/09/2012 IBH, New Delhi 679.00 12628 2 004 WAM BC366 12/03/2021 443.13 29/09/2012 Text Books 05/03/2021
    Dewey Decimal Classification     BCA PIET C-LIBRARY PIET C-LIBRARY 29/09/2012 IBH, New Delhi 679.00 12628 1 004 WAM BC367 24/02/2021 443.13 29/09/2012 Text Books 09/02/2021
    Dewey Decimal Classification     BCA PIET C-LIBRARY PIET C-LIBRARY 29/09/2012 IBH, New Delhi 679.00 12628 5 004 WAM BC368 16/01/2023 443.13 29/09/2012 Text Books 09/01/2023
    Dewey Decimal Classification     BCA PIET C-LIBRARY PIET C-LIBRARY 29/09/2012 IBH, New Delhi 679.00 12628 1 004 WAM BC369 08/02/2021 443.13 29/09/2012 Text Books 02/02/2021

Design & Developed by: PIET Central Library
R70 Miles Stone Pattikalyana Samalkha Panipat 132102
mail ID :- [email protected], Phone No:- 0180-2569700 Ex.216